Normal view
MARC view
Entry Topical Term
001 - CONTROL NUMBER
- control field: 10213
003 - CONTROL NUMBER IDENTIFIER
- control field: BD-RjUL
005 - DATE AND TIME OF LATEST TRANSACTION
- control field: 20231128114304.0
008 - FIXED-LENGTH DATA ELEMENTS
- fixed length control field: 231128|| aca||aabn | a|a d
040 ## - CATALOGING SOURCE
- Original cataloging agency: BD-RjUL
- Transcribing agency: BD-RjUL
150 ## - HEADING--TOPICAL TERM
- Topical term or geographic name entry element: Compensation Management
- General subdivision: Industrial Estates
670 ## - SOURCE DATA FOUND
- Source citation: Work cat.: (BD-RjUL)82358: Mridha, Md. Mokarremul Hoque Helal 10212, Compensation Management Practices in BSCIC Industrial Estates :, 2019